My Pals are Here Science 3B Teacher's Guide. (Record no. 114785)
[ view plain ]
| 000 -LEADER | |
|---|---|
| fixed length control field | 00312nam a2200109 a 4500 |
| 005 - DATE AND TIME OF LATEST TRANSACTION | |
| control field | 20140414132112.0 |
| 008 - FIXED-LENGTH DATA ELEMENTS--GENERAL INFORMATION | |
| fixed length control field | 110704s19uu xx 00 eng d |
| 050 ## - LIBRARY OF CONGRESS CALL NUMBER | |
| Classification number | TR 500 |
| Item number | Sci1 2010 |
| 245 ## - TITLE STATEMENT | |
| Title | My Pals are Here Science 3B Teacher's Guide. |
| 260 ## - PUBLICATION, DISTRIBUTION, ETC. (IMPRINT) | |
| Place of publication, distribution, etc | Singapore : |
| Name of publisher, distributor, etc | Marshall Cavendish, |
| Date of publication, distribution, etc | 2010. |
| Withdrawn status | Lost status | Damaged status | Home library | Current library | Shelving location | Date acquired | Source of acquisition | Cost, normal purchase price | Total Checkouts | Full call number | Barcode | Date last seen | Price effective from | Koha item type |
|---|---|---|---|---|---|---|---|---|---|---|---|---|---|---|
| Munich Library | Munich Library | Teachers Reference Section | 07/04/2011 | 6076.00 | TR 500 Sci1 2010 | M6684 | 04/14/2014 | 04/14/2014 | Books |